Statistics for Countries Containing S - Two Minute Sprint

Click here to take the quiz!

General Stats

  • This quiz has been taken 604 times
    (502 since last reset)
  • The average score is 36 of 74

Answer Stats

Country% Correct
South Korea
86%
South Sudan
84%
Spain
84%
Sudan
82%
Sweden
81%
South Africa
80%
United States
80%
Switzerland
78%
Australia
76%
Samoa
71%
Slovakia
70%
St Kitts and Nevis
70%
St Lucia
70%
Slovenia
68%
Solomon Islands
68%
St Vincent and the Grenadines
68%
Serbia
67%
Sri Lanka
65%
Saudi Arabia
63%
Afghanistan
62%
Austria
62%
Suriname
61%
Pakistan
60%
Russia
60%
Seychelles
58%
Somalia
58%
Syria
57%
Singapore
56%
Turkmenistan
56%
Senegal
55%
Costa Rica
54%
Kazakhstan
52%
United Arab Emirates
52%
San Marino
51%
Tajikistan
51%
Sierra Leone
49%
Uzbekistan
49%
Barbados
48%
Estonia
48%
Kyrgyzstan
48%
Netherlands
48%
Swaziland
47%
Bahamas
46%
Bosnia and Herzegovina
46%
El Salvador
46%
Belarus
44%
Marshall Islands
43%
São Tomé and Príncipe
43%
Honduras
42%
Indonesia
42%
Tunisia
42%
Philippines
40%
Israel
39%
Mauritius
38%
Federated States of Micronesia
37%
Cyprus
35%
Malaysia
34%
Comoros
33%
Maldives
33%
Bangladesh
32%
Laos
32%
Lesotho
28%
Madagascar
28%
Liechtenstein
27%
Timor-Leste
27%
Guinea-Bissau
26%
Botswana
25%
Kosovo
21%
Burkina Faso
15%
Cook Islands
12%
Palestine
10%
Faroe Islands
7%
St Maarten
6%
Western Sahara
1%

Score Distribution

Percentile by Number Answered

Percent of People with Each Score

Your Score History

You have not taken this quiz since the last reset